| 000 | 00970nam a2200193Ia 4500 | ||
|---|---|---|---|
| 008 | 151121s9999||||xx |||||||||||||| ||und|| | ||
| 082 | _a907।2/8ओतूर | ||
| 082 | _bHNW-42972 | ||
| 100 | _aआाटतूरकर राजाराम विनायक-संपा। | ||
| 245 | _aपेशवे-कालीन:सा। व आर्थिक पत्रव्यवहार | ||
| 260 | _b"चिटणीस, भा। इ। सं। मंडळ, पुणे।" | ||
| 260 | _c-- | ||
| 300 | _a187 | ||
| 600 | _aआाटतूरकर राजाराम विनायक-संपा। | ||
| 630 | _aपेशवे-कालीन:सा। व आर्थिक पत्रव्यवहार | ||
| 700 | _aआाटतूरकर राजाराम विनायक-संपा। | ||
| 730 | _aपेशवे-कालीन:सा। व आर्थिक पत्रव्यवहार | ||
| 942 | _cBOOK | ||
| 999 |
_c1231331 _d1231328 |
||